| 000 | 00655nam a2200217 a 4500 | ||
|---|---|---|---|
| 001 | 74588 | ||
| 003 | BD-RjUL | ||
| 005 | 20211209082556.0 | ||
| 008 | 181030s1952 n a|||| |||| 00| 0 eng d | ||
| 035 | _a(BD-RjUL) | ||
| 040 |
_aBD-RjUL _beng _cBD-RjUL |
||
| 041 | _aeng | ||
| 082 |
_223 _a597.982 _bZIA 1952 |
||
| 100 |
_aZim, Herbert S. _9224448 |
||
| 245 |
_aAlligators and Crocodils / _cby Herbert S. Zim ; illusteted by James Gordon Irving |
||
| 260 |
_aNew York : _bWilliam Morrow & co. , _c1952 |
||
| 300 |
_a62 p. : _billustration _c21 cm |
||
| 650 |
_aCrocodiles _9224449 |
||
| 700 |
_a Irving, James Gordon ; illustetor _9224450 |
||
| 942 |
_2ddc _cBK |
||
| 999 |
_c74588 _d74588 |
||